000 00764nas a2200229 i 4500
001 883
003 ES-MaACL
005 20250822100004.0
008 950801c18451944gw | | 1 ||er d
245 0 0 _aFliegende Blätter.
260 _aMünchen :
_bBraun und Schneider,
_c1845-1944.
300 _a70 v. :
_bgrab. ;
_c28 cm.
310 _aSemanal
321 _aQuincenal,
_b[18--]-1889
362 0 _a1845-1944.
500 _aA partir de 1891 se publican dos v. por año.
500 _aA partir de 1925 no aparecen reseñados los tomos.
650 1 7 _aSátira
_2embne
_916997
852 _aES-MaACL
_jHem-307
866 0 _o1884-1902(1903)1904-15,1921-23(1924f.n.4092-4093)1925-28(1929f.n.4387y4394)1930,(1933f.n.4571y4578y4586y4606).
999 _c883
_d883